| 000 | 01027nam a22002537a 4500 | ||
|---|---|---|---|
| 999 |
_c65690 _d65690 |
||
| 005 | 20240530110838.0 | ||
| 008 | 191208s2007 ua a f 000 0 ara d | ||
| 017 |
_a2007/15102 _bمصر. دار الكتب |
||
| 020 | _a9773222233 | ||
| 040 |
_aEG-CaGPL _cEG-CaGPL |
||
| 082 | 0 | 4 |
_221 _a916.23 _bق/م ن |
| 100 | 0 | _aمحمد رياض | |
| 245 | 1 | 2 |
_aالنوبة القديمة فى صور : _bبيئة مجتمع النوبة و حياتة قبل التهجير / _cمحمد رياض ، كوثر عبدالرسول |
| 250 | _aط.1 | ||
| 260 |
_aالقاهرة : _bعين للدراسات و البحوث الانسانية و الاجتماعية، _c2007 |
||
| 300 |
_a104ص. : _bايض. ؛ _c24 سم. |
||
| 650 | 0 | 7 |
_aالنوبة _zمصر _2qrmak _xوصف ورحلات |
| 650 | 0 | 7 |
_aالنوبة القديمة _zمصر _2qrmak _vصور |
| 651 | _2qrmak | ||
| 653 | _aالنوبة | ||
| 700 | 0 |
_aكوثر عبدالرسول _eمؤلف مشارك |
|
| 942 |
_2ddc _cBK |
||